MARC

LEADER 00000nam0a2200000 4500
001 369711
005 20231102012217.0
035 |a (RuTPU)RU\TPU\retro\27110 
090 |a 369711 
100 |a 20220531d1980 m y0rusy50 ca 
101 0 |a rus 
102 |a RU 
105 |a a z 000zy 
200 1 |a Разгаданные загадки третьего рейха. Книга не только о прошлом 1933-1941  |f Л. А. Безыменский 
210 |a Москва  |c Новости  |d 1980 
215 |a 280 с.  |c ил. 
606 1 |a Германия  |x История  |z 1918-  |2 stltpush  |3 (RuTPU)RU\TPU\subj\67645  |9 83366 
610 1 |a Вторая мировая война 1939-1945 
610 1 |a предистория 
610 1 |a военные операции 
610 1 |a Третий Рейх 
610 1 |a нацизм 
610 1 |a политическая история 
610 1 |a экономическая экспансия 
610 1 |a Мюнхенское соглашение 
686 |a Т3(4Гем)6  |2 rubbk 
700 1 |a Безыменский  |b Л. А.  |g Лев Александрович 
801 1 |a RU  |b 63413507  |c 20220531 
801 2 |a RU  |b 63413507  |c 20220601  |g RCR 
942 |c BK